[Event "Druzynowe Mistrzostwa Polski - II liga"]
[Site "Sypniewo k. Jastrowia"]
[Date "1899-12-30"]
[Round "2.49"]
[White "Osinski, Emil"]
[Black "Szewczyk, Mariusz"]
[Result "1/2-1/2"]
[WhiteTitle "k"]
[BlackTitle "k"]
[WhiteElo "2171"]
[BlackElo "2119"]

1. e4 c5 2. Nf3 d6 3. d4 cxd4 4. Nxd4 Nf6 5. Nc3 g6 6. Be3 Bg7 7. f3 O-O 8. Bc4
Nc6 9. Qd2 Nxd4 10. Bxd4 Be6 11. Bxe6 fxe6 12. O-O-O Qa5 13. Kb1 b5 14. e5 dxe5
15. Bxe5 b4 16. Bxf6 exf6 17. Ne4 Rfd8 18. Qf4 e5 19. Qe3 Qb6 20. Qb3+ Kf8 21.
Rde1 a5 22. a4 Rac8 23. h4 Qc6 24. h5 Qc4 25. h6 Bh8 26. Qxc4 Rxc4 27. Rd1 Rcd4
28. Kc1 f5 29. Ng5 Kg8 30. Ne6 Rxd1+ 31. Rxd1 Rxd1+ 32. Kxd1 Bf6 33. Nc5 Bd8 34.
Nd7 Bc7 35. g4 fxg4 36. fxg4 g5 37. Ke2 Kf7 38. Kf3 Ke6 39. Nf8+ Kf7 40. Nd7 Ke6
41. Nc5+ Kd5 42. Ne4 Bd8 43. Ke3 Ke6 44. c4 bxc3 45. bxc3 Kd5 46. Kd3 Be7 47.
Ng3 Bf8 48. c4+ Kc5 49. Ne4+ Kb4 50. Nxg5 Bxh6 51. Nf7 Bf4 52. Nd8 Kxa4 53. Nc6
Bg3 54. Ke4 h6 55. Nxe5 Kb3 56. c5 Bh4 57. c6 Bd8 58. Kd5 a4 59. Nc4 Bc7 60. Kc5
a3 61. Nxa3 Kxa3 62. Kd5 Kb4 63. Ke6 Kc5 64. g5 hxg5 65. Kf5 Bd8 66. c7 Bxc7 67.
Kxg5 1/2-1/2

[Event "Druzynowe Mistrzostwa Polski - II liga"]
[Site "Sypniewo k. Jastrowia"]
[Date "1899-12-30"]
[Round "2.50"]
[White "Kowalec, Maciej"]
[Black "Bes, Michal"]
[Result "1/2-1/2"]
[WhiteTitle "k"]
[BlackTitle "k"]
[WhiteElo "2070"]
[BlackElo "2130"]

1. d4 d5 2. Nf3 Nf6 3. e3 Bf5 4. c4 c6 5. Nc3 e6 6. Nh4 Bg4 7. Qb3 b6 8. h3 Bh5
9. g4 Nfd7 10. Ng2 Bg6 11. Nf4 Bd6 12. Nxg6 hxg6 13. e4 O-O 14. cxd5 exd5 15.
exd5 c5 16. Nb5 cxd4 17. Nxd4 Nc5 18. Qf3 Nbd7 19. Nc6 Ne5 20. Nxe5 Bxe5 21. Bb5
f5 22. g5 Ne4 23. Bc6 Rc8 24. h4 Qd6 25. O-O Kf7 26. Kg2 Rh8 27. Rh1 Bd4 1/2-1/2

[Event "Druzynowe Mistrzostwa Polski - II liga"]
[Site "Sypniewo k. Jastrowia"]
[Date "1899-12-30"]
[Round "2.51"]
[White "Walentukiewicz, Michal"]
[Black "Litner, Igor"]
[Result "1/2-1/2"]
[WhiteTitle "CM"]
[BlackTitle "I++"]
[WhiteElo "2066"]
[BlackElo "1983"]

1. e4 d6 2. d4 Nf6 3. Nc3 e5 4. Nf3 Nbd7 5. g3 Be7 6. Bg2 c6 7. O-O O-O 8. a4 Qc7
9. h3 b6 10. Be3 Bb7 11. Qd2 a6 12. Nh4 Rfe8 13. Nf5 Bf8 14. g4 exd4 15. Bxd4
c5 16. Bxf6 Nxf6 17. Rfe1 Rad8 18. g5 Nd7 19. Rad1 Ne5 20. Nd5 Bxd5 21. Qxd5 1/2-1/2

[Event "Druzynowe Mistrzostwa Polski - II liga"]
[Site "Sypniewo k. Jastrowia"]
[Date "1899-12-30"]
[Round "2.52"]
[White "Rzeszowski, Dominik"]
[Black "Bienias, Piotr"]
[Result "0-1"]
[WhiteTitle "I++"]
[BlackTitle "I++"]
[WhiteElo "1863"]
[BlackElo "1898"]

1. e4 c6 2. d4 d5 3. f3 dxe4 4. fxe4 e5 5. Nf3 Bg4 6. Bc4 Nd7 7. O-O Ngf6 8. c3
Bd6 9. Be3 O-O 10. Nbd2 Qc7 11. h3 Bh5 12. Qc2 Rae8 13. Bd3 exd4 14. Bxd4 c5 15.
Bxf6 Nxf6 16. Nc4 Bg3 17. e5 Nd5 18. Bxh7+ Kh8 19. Be4 Nf4 20. Nd6 Rxe5 21. Nxe5
Qxd6 22. Nf3 Re8 23. Rad1 Qe7 24. Rd5 g6 25. Rg5 Bxf3 26. Rxg3 Ne2+ 27. Kf2 Nxg3
28. gxf3 Nxf1 29. Kxf1 f5 30. Bd3 Qh4 31. Kg2 Re1 32. Bc4 Qg5+ 0-1

[Event "Druzynowe Mistrzostwa Polski - II liga"]
[Site "Sypniewo k. Jastrowia"]
[Date "1899-12-30"]
[Round "2.53"]
[White "Kowalczyk, Wojciech"]
[Black "Powalka, Michal"]
[Result "0-1"]
[WhiteTitle "I"]
[BlackTitle "I++"]
[WhiteElo "1893"]
[BlackElo "1970"]

1. e4 e5 2. Nf3 Nc6 3. Nc3 g6 4. d4 exd4 5. Nxd4 Bg7 6. Be3 Nge7 7. Qd2 d6 8. O-O-O
Bd7 9. h4 h5 10. Kb1 a6 11. Nxc6 Nxc6 12. Bg5 f6 13. Be3 Be6 14. Nd5 Qd7 15. Qc3
O-O-O 16. Qa3 Qf7 17. Qa4 Ne5 18. f4 Ng4 19. Bg1 f5 20. Nb4 Bc4 21. exf5 gxf5
22. Bd4 Bxf1 23. Bxg7 Bb5 24. Qb3 Qxg7 25. a4 Bd7 26. Rhe1 Rhe8 27. Qd3 Nf2 0-1

[Event "Druzynowe Mistrzostwa Polski - II liga"]
[Site "Sypniewo k. Jastrowia"]
[Date "1899-12-30"]
[Round "2.54"]
[White "Bebnik, Malgorzata"]
[Black "Smietanska, Wiktoria"]
[Result "1/2-1/2"]
[WhiteTitle "I++"]
[BlackTitle "CM"]
[WhiteElo "1756"]
[BlackElo "1726"]

1. d4 Nf6 2. c4 g6 3. Nc3 Bg7 4. e4 d6 5. h3 O-O 6. Be3 c5 7. d5 e6 8. Bd3 exd5
9. exd5 Re8 10. Nf3 Bh6 11. O-O Bg7 12. Qc2 Na6 13. a3 Bd7 14. Bf4 Qc7 15. Rae1
Nh5 16. Bh2 f5 17. Qd2 Rad8 18. Ng5 Be5 19. Nb5 Qb6 20. Be2 Nf6 21. Bf3 Nc7 22.
Nxc7 Qxc7 23. Bxe5 dxe5 24. d6 Qc8 25. Bd5+ Kg7 26. Nf7 Nxd5 27. Nxd8 Nf6 28.
Qa5 b6 29. Qxa7 Qxd8 30. Qb7 Ne4 31. Rd1 Kh8 32. Rfe1 Ba4 33. d7 Rf8 34. Rd5 Nf6
35. Rdxe5 Qxd7 36. Qxb6 Qd2 37. Qxc5 Rd8 38. Re6 Ne4 39. R6xe4 fxe4 40. Qe5+ Kg8
41. Qe6+ Kg7 42. Qe7+ Kg8 43. Qe6+ Kg7 1/2-1/2

[Event "Druzynowe Mistrzostwa Polski - II liga"]
[Site "Sypniewo k. Jastrowia"]
[Date "1899-12-30"]
[Round "2.56"]
[White "Tomczak, Rafal"]
[Black "Wieczorek, Zbigniew"]
[Result "1-0"]
[WhiteTitle "FM"]
[BlackTitle "FM"]
[WhiteElo "2308"]
[BlackElo "2185"]

1. e4 g6 2. d4 Bg7 3. Nc3 c6 4. Nf3 d6 5. Bc4 Nf6 6. e5 dxe5 7. Nxe5 O-O 8. O-O
Nbd7 9. Bg5 Nb6 10. Bb3 Nfd5 11. Bh4 Nxc3 12. bxc3 Bxe5 13. dxe5 Qc7 14. Bg3 Be6
15. f4 Nd5 16. Qf3 Rad8 17. c4 Nb6 18. c5 Nd5 19. c4 Nb4 20. Qc3 a5 21. a3 Rd3
22. Qb2 Na6 23. Bc2 Rd2 24. Qc3 Rxc2 25. Qxc2 Nxc5 26. Rad1 Bf5 27. Qb2 Bd3 28.
Rf3 Bxc4 29. f5 Rd8 30. Rb1 Qd7 31. e6 fxe6 32. fxg6 hxg6 33. h4 b5 34. Kh2 Qd4
35. Qc1 Qd2 36. Qg1 Ne4 37. Bf4 Qd5 38. Qa7 Qd7 39. Qxa5 e5 40. Be3 Nf6 41. Rg3
Kf7 42. Bg5 e4 43. Qb6 Rh8 44. Re1 Bd3 45. Rc1 Ng4+ 46. Kg1 Ne5 47. Qf2+ Ke8 48.
Qf4 Qf5 49. Qe3 Rf8 50. Qa7 Qd7 51. Qb8+ Qd8 1-0

[Event "Druzynowe Mistrzostwa Polski - II liga"]
[Site "Sypniewo k. Jastrowia"]
[Date "1899-12-30"]
[Round "2.57"]
[White "Helis, Tadeusz"]
[Black "Kulesza, Mateusz"]
[Result "1/2-1/2"]
[WhiteTitle "FM"]
[BlackTitle "k+"]
[WhiteElo "2095"]
[BlackElo "2255"]

1. Nf3 d5 2. c4 e6 3. g3 g6 4. Bg2 Bg7 5. O-O Nf6 6. d4 O-O 7. Nc3 Nbd7 8. Ne5
Nxe5 9. dxe5 Nd7 10. cxd5 Nxe5 11. dxe6 Bxe6 12. Bxb7 Rb8 13. Bd5 Qd6 14. Bxe6
Qxe6 15. Qd5 Nc4 16. Qxe6 fxe6 17. Na4 Rf5 18. Bf4 Rb4 19. Nc3 Rxb2 20. Rac1 e5
21. Nd5 Rf7 22. Bg5 Nd6 23. Ne7+ Kf8 24. Rxc7 Ne8 25. Rxa7 Bf6 26. Bxf6 Nxf6 27.
Nc6 Rxa7 28. Nxa7 Rxa2 29. Nc6 Rxe2 1/2-1/2

[Event "Druzynowe Mistrzostwa Polski - II liga"]
[Site "Sypniewo k. Jastrowia"]
[Date "1899-12-30"]
[Round "2.59"]
[White "Chrobak, Piotr"]
[Black "Chaczynski, Kamil"]
[Result "0-1"]
[WhiteTitle "I"]
[BlackTitle "I++"]
[WhiteElo "1692"]
[BlackElo "2047"]

1. e4 c5 2. Nf3 Nc6 3. d4 cxd4 4. Nxd4 Nf6 5. Nc3 e5 6. Nb3 Bb4 7. Bd3 d5 8. exd5
Nxd5 9. Bd2 Bxc3 10. bxc3 O-O 11. O-O f5 12. Bc4 Kh8 13. Qh5 Nf6 14. Qh4 Qe8 15.
f3 Be6 16. Bd3 Ne7 17. Rae1 Ng6 18. Qb4 b6 19. c4 Qc6 20. Bc3 Nd7 21. Qb5 Qc7
22. Ba1 Bg8 23. Nd2 Rac8 24. Kh1 Nc5 25. Qb2 Rcd8 26. Qc3 Rd7 27. Rd1 Nxd3 28.
cxd3 Rfd8 29. Nb3 Bxc4 30. Rc1 Bxd3 31. Qxc7 Rxc7 32. Rxc7 Bxf1 33. Rxa7 h5 34.
Kg1 Bc4 35. Bc3 Rd1+ 36. Kf2 Rd3 37. Ba1 Rd1 38. f4 Nxf4 0-1

[Event "Druzynowe Mistrzostwa Polski - II liga"]
[Site "Sypniewo k. Jastrowia"]
[Date "1899-12-30"]
[Round "2.60"]
[White "Filipska, Maja"]
[Black "Suchanek, Paulina"]
[Result "1/2-1/2"]
[WhiteTitle "I++"]
[BlackTitle "I"]
[WhiteElo "1886"]
[BlackElo "1547"]

1. e4 e6 2. d3 d5 3. Nd2 c5 4. Ngf3 Nc6 5. g3 Bd6 6. Bg2 Nge7 7. O-O O-O 8. Re1
b6 9. Qe2 Nb4 10. Nf1 dxe4 11. Qxe4 Ba6 12. Ng5 Ng6 13. Qxa8 Qxa8 14. Bxa8 Nxc2
15. Re2 Nxa1 16. Be4 Rd8 17. b3 Be7 18. h4 Bxd3 19. Bxd3 Rxd3 20. Ne3 Bf6 21.
Bb2 Bd4 22. Nf3 Bxe3 23. fxe3 1/2-1/2

[Event "Druzynowe Mistrzostwa Polski - II liga"]
[Site "Sypniewo k. Jastrowia"]
[Date "1899-12-30"]
[Round "2.61"]
[White "Laszewicz, Pawel"]
[Black "Izbinski, Bartlomiej"]
[Result "1-0"]
[WhiteTitle "k"]
[BlackTitle "m"]
[WhiteElo "2108"]
[BlackElo "2270"]

1. e4 g6 2. d4 Bg7 3. Nc3 a6 4. Nf3 b5 5. Bd3 Bb7 6. O-O d6 7. Re1 b4 8. Ne2 Nf6
9. Ng3 O-O 10. e5 Nd5 11. h4 c5 12. h5 Nc7 13. Ng5 c4 14. hxg6 fxg6 15. Bxc4+
Kh8 16. Qg4 dxe5 17. Qh4 h6 18. Nf7+ Rxf7 19. Bxf7 Kh7 20. Qg4 Qd6 21. dxe5 Qc6
22. f3 Nd7 23. Bf4 Nf8 24. Rad1 Nce6 25. Ne4 Nxf4 26. Qxf4 Qxc2 27. Bb3 Qxb2 28.
Qf7 h5 29. Ng5+ Kh6 30. Qf4 Rc8 31. Ne6+ Kh7 32. Nxg7 Kxg7 33. Qf7+ Kh6 34. Qxe7
Bxf3 35. gxf3 Nh7 36. Rd7 Qc3 37. Qxh7+ Kg5 38. Kf2 Re8 39. Rg1+ 1-0

[Event "Druzynowe Mistrzostwa Polski - II liga"]
[Site "Sypniewo k. Jastrowia"]
[Date "1899-12-30"]
[Round "2.62"]
[White "Kowalak, Piotr"]
[Black "Majocha, Piotr"]
[Result "1/2-1/2"]
[WhiteTitle "k"]
[BlackTitle "I++"]
[WhiteElo "2096"]
[BlackElo "1980"]

1. e4 e6 2. d4 d5 3. e5 c5 4. c3 Nc6 5. Nf3 Bd7 6. Na3 cxd4 7. cxd4 Qb6 8. Nc2
Rc8 9. Be2 Nb4 10. Ne3 Bb5 11. O-O Bxe2 12. Qxe2 Ne7 13. a3 Nbc6 14. Rd1 Na5 15.
b4 Nc4 16. Bb2 a6 17. Rac1 Nxe3 18. Rxc8+ Nxc8 19. fxe3 Be7 20. Rc1 O-O 21. h3
Na7 22. Kh2 Rc8 23. Rxc8+ Nxc8 24. Qc2 Na7 25. Kg1 h6 26. Kf2 a5 27. bxa5 Qxa5
28. a4 b5 29. axb5 Qxb5 30. Bc1 Qc6 1/2-1/2

[Event "Druzynowe Mistrzostwa Polski - II liga"]
[Site "Sypniewo k. Jastrowia"]
[Date "1899-12-30"]
[Round "2.63"]
[White "Luba, Lukasz"]
[Black "Kolodziejski, Piotr"]
[Result "1-0"]
[WhiteTitle "k"]
[BlackTitle "I+"]
[WhiteElo "2143"]
[BlackElo "2048"]

1. d4 Nf6 2. Nf3 e6 3. Bg5 d5 4. e3 Be7 5. Bd3 Nbd7 6. Nbd2 h6 7. Bh4 b6 8. O-O
Bb7 9. a4 c5 10. c3 O-O 11. Qc2 a6 12. Rfe1 c4 13. Bf1 b5 14. b4 Ne4 15. Bg3 f5
16. Ne5 Nxg3 17. hxg3 Nxe5 18. dxe5 a5 19. bxa5 b4 20. cxb4 Bxb4 21. Reb1 Bxd2
22. Qxd2 Qc7 23. Qc3 Ra6 24. Rb6 Rxb6 25. axb6 Qxb6 26. a5 Qa7 27. Qb4 Ra8 28.
Qe7 Bc8 29. Qe8+ Kh7 30. Be2 Qd7 31. Qf8 Bb7 32. Qb4 Qc7 33. Qc3 Qc6 34. Bf3 Qb5
35. g4 g6 36. Qa3 Qd7 37. Rb1 Bc6 38. Rb6 Rc8 39. Qc3 f4 40. Bd1 fxe3 41. fxe3
Ba8 42. Bc2 Rf8 43. Rd6 Qf7 44. Qe1 d4 45. Rxd4 Qc7 46. Rd6 Qb7 47. Qd2 c3 48.
Qe2 Re8 49. a6 Qf7 50. Qd3 Re7 51. Qxc3 Rc7 52. Qd2 Bd5 53. Ba4 Qg7 54. Qd4 Qf7
55. Qf4 Qg7 56. e4 g5 57. Qf6 Bxe4 58. Qxe6 Re7 59. Qxe7 Qxe7 60. Rd7 Qxd7 61.
Bxd7 Kg7 62. Bc8 Kf7 63. Bb7 Bxb7 64. axb7 1-0

[Event "Druzynowe Mistrzostwa Polski - II liga"]
[Site "Sypniewo k. Jastrowia"]
[Date "1899-12-30"]
[Round "2.64"]
[White "Komendecki, Jacek"]
[Black "Szydelko, Michal"]
[Result "1-0"]
[WhiteTitle "k"]
[BlackTitle "I+"]
[WhiteElo "1981"]
[BlackElo "1754"]

1. e4 c5 2. Nf3 d6 3. d4 cxd4 4. Nxd4 Nf6 5. Nc3 a6 6. g3 Nc6 7. Bg2 Qc7 8. O-O
e6 9. Be3 Be7 10. Nxc6 bxc6 11. Na4 Rb8 12. c4 O-O 13. b3 c5 14. g4 Bb7 15. Nc3
Nd7 16. f4 Bf6 17. Rc1 Bxc3 18. Rxc3 Nf6 19. Qd3 Nxg4 20. Bc1 Nf6 21. Rc2 Rfd8
22. Bb2 Qe7 23. Qg3 Nh5 24. Qc3 f6 25. Qh3 Qf7 26. Bc1 f5 27. Bf3 Nf6 28. exf5
exf5 29. Qxf5 Re8 30. Bxb7 Rxb7 31. Rg2 Rbe7 32. Bb2 Re2 33. Rxe2 Rxe2 34. Rf2
Re1+ 35. Rf1 Re2 36. Rf2 Re1+ 37. Kg2 Qg6+ 38. Qxg6 hxg6 39. Bxf6 gxf6 40. Rd2
Re6 41. Kf3 Kf7 42. Rd5 Ke7 43. Rd2 Re1 44. Re2+ Rxe2 45. Kxe2 Ke6 46. Kf3 d5
47. cxd5+ Kxd5 48. Kg4 Ke4 49. h4 a5 50. a4 Kd3 51. f5 gxf5+ 52. Kxf5 Kc3 53.
h5 Kxb3 54. h6 c4 55. h7 c3 56. h8=Q c2 57. Qb8+ Ka2 58. Qc7 Kb2 59. Qb6+ Ka2
60. Qc6 Kb2 61. Qxf6+ Kb1 62. Qb6+ Ka2 63. Qc5 Kb1 64. Ke5 Ka1 65. Kd5 Kb2 66.
Kc6 1-0

[Event "Druzynowe Mistrzostwa Polski - II liga"]
[Site "Sypniewo k. Jastrowia"]
[Date "1899-12-30"]
[Round "2.65"]
[White "Bartlomowicz, Jakub"]
[Black "Lewandowski, Wiktor"]
[Result "1/2-1/2"]
[WhiteTitle "I"]
[BlackTitle "I"]
[WhiteElo "1762"]
[BlackElo "1812"]

1. e4 c5 2. Nf3 e6 3. d4 cxd4 4. Nxd4 Nc6 5. Nc3 Qc7 6. Be2 a6 7. O-O Nf6 8. Kh1
Nxd4 9. Qxd4 Bc5 10. Qd3 O-O 11. f4 d6 12. f5 h6 13. Qg3 Kh7 14. fxe6 fxe6 15.
e5 dxe5 16. Bd3+ Kh8 17. Qh4 Nh7 18. Bd2 Bd7 19. Qg4 Rxf1+ 20. Rxf1 Rf8 21. Re1
Nf6 22. Qh3 Bc6 23. Qxe6 1/2-1/2

[Event "Druzynowe Mistrzostwa Polski - II liga"]
[Site "Sypniewo k. Jastrowia"]
[Date "1899-12-30"]
[Round "2.66"]
[White "Lisowska, Olga"]
[Black "Trusz, Julia"]
[Result "0-1"]
[WhiteTitle "I"]
[BlackTitle "I++"]
[WhiteElo "1753"]
[BlackElo "1659"]

1. e4 c5 2. Nf3 e6 3. c3 d5 4. e5 d4 5. cxd4 cxd4 6. Bb5+ Bd7 7. Nxd4 Bxb5 8. Nxb5
Nc6 9. d4 a6 10. N5c3 Qxd4 11. O-O Qxd1 12. Rxd1 Nxe5 13. Bf4 Ng6 14. Bg3 Nf6
15. Nd2 Be7 16. Nde4 O-O 17. Nd6 Bxd6 18. Rxd6 Rfd8 19. Rad1 Rxd6 20. Rxd6 b5
21. Kf1 h6 22. f3 Ne7 23. Be5 Nfd5 24. Ne4 Nf5 25. Rc6 Nb4 26. Rc7 Ne3+ 27. Kf2
Ned5 28. Ke2 Nxc7 29. Bxc7 Rc8 30. Ba5 Nxa2 31. Kd2 Nc1 32. Bc3 Nb3+ 33. Kc2 Nc5
34. Nxc5 Rxc5 35. Kb3 Rc4 36. Bb4 e5 37. Bc3 f6 38. Bd2 f5 39. Be3 Kf7 40. g3
Ke6 41. Bf2 a5 42. h4 h5 43. Be1 a4+ 44. Ka2 Kd5 45. Kb1 e4 46. f4 0-1

[Event "Druzynowe Mistrzostwa Polski - II liga"]
[Site "Sypniewo k. Jastrowia"]
[Date "1899-12-30"]
[Round "2.67"]
[White "Sopur, Lech"]
[Black "Chomczyk, Marek"]
[Result "1-0"]
[WhiteTitle "m"]
[BlackTitle "k++"]
[WhiteElo "2413"]
[BlackElo "2260"]

1. d4 f5 2. g3 Nf6 3. Bg2 g6 4. c3 Bg7 5. Qb3 Nc6 6. Nf3 e6 7. O-O Qe7 8. Nbd2
O-O 9. Ne1 b6 10. Nd3 Bb7 11. Qc2 Na5 12. b4 Bxg2 13. Kxg2 Nb7 14. a4 d6 15. b5
Rfe8 16. Ba3 Qf7 17. Nb4 e5 18. dxe5 Rxe5 19. Nf3 Ree8 20. Rad1 Qc4 21. e3 Nc5
22. Nd2 Qe6 23. c4 a5 24. Nd3 Nxd3 25. Qxd3 Re7 26. Bb2 Nd7 27. Bd4 Rae8 28. Nb1
d5 29. cxd5 Qxd5+ 30. Kg1 Bxd4 31. Qxd4 Qf7 32. Nc3 Nf6 33. Qf4 Qb3 34. Rd3 Qb4
35. Qf3 Qc4 36. Rfd1 Kg7 37. Qe2 Kf7 38. Qb2 Qe6 39. Ne2 Qe4 40. Rd4 Qe5 41. Nf4
Kg7 42. Nd3 Qe6 43. Rc1 Kg8 44. Rc6 Qf7 45. Nf4 Re5 46. Rdc4 R8e7 47. Qd4 Ne8
48. Rc1 Re4 49. Qa1 Qb3 50. R6c3 Qxa4 51. Qb1 Rb4 52. Qd3 Qxb5 53. Qd8 Qd7 54.
Qa8 Rxf4 55. Rxc7 Qd6 56. Rxe7 Qxe7 57. gxf4 Kg7 58. Qb8 Kh6 59. Qxb6 Qh4 60.
Qxa5 Qg4+ 61. Kf1 Nf6 62. Qd8 Ne4 63. Rc7 Qh3+ 64. Ke1 Qg2 65. Qh4# 1-0

[Event "Druzynowe Mistrzostwa Polski - II liga"]
[Site "Sypniewo k. Jastrowia"]
[Date "1899-12-30"]
[Round "2.68"]
[White "Budnik, Mateusz"]
[Black "Strzelecki, Jerzy"]
[Result "1-0"]
[WhiteTitle "k"]
[BlackTitle "k"]
[WhiteElo "2008"]
[BlackElo "1924"]

1. Nf3 Nf6 2. b3 d5 3. Bb2 e6 4. e3 c5 5. Be2 Be7 6. O-O O-O 7. d4 b6 8. c4 cxd4
9. Nxd4 Bb7 10. Bf3 Qd7 11. cxd5 exd5 12. Nc3 Na6 13. Nce2 Nc5 14. Ng3 g6 15.
Be2 Rac8 16. Bb5 Qd6 17. Qf3 Nce4 18. Rfd1 Nxg3 19. hxg3 Ne4 20. Bd3 Qd7 21. Qf4
Bg5 22. Qf3 f5 23. a4 Be7 24. Bb5 Qd6 25. Bf1 Qd7 26. a5 Bc5 27. Qf4 Bd6 28. Qh6
Rf7 29. axb6 axb6 30. Ra7 Bf8 31. Qh3 Ra8 32. Rxa8 Bxa8 33. Ra1 Bb7 34. Ra7 Qc8
35. Bb5 Nd6 36. Bd3 Qc5 37. Ne6 Qb4 38. Nxf8 Qe1+ 39. Kh2 Nc8 40. Rxb7 Rxb7 41.
Ba6 Rc7 42. Bxc8 Kxf8 43. Qh6+ Ke8 44. Ba6 Qxf2 45. Bb5+ 1-0

[Event "Druzynowe Mistrzostwa Polski - II liga"]
[Site "Sypniewo k. Jastrowia"]
[Date "1899-12-30"]
[Round "2.69"]
[White "Gradowski, Jacek"]
[Black "Celinski, Kamil"]
[Result "1-0"]
[WhiteTitle "I+"]
[BlackTitle "I++"]
[WhiteElo "2058"]
[BlackElo "2025"]

1. d4 Nf6 2. c4 e6 3. Nc3 d5 4. Bg5 Be7 5. e3 O-O 6. Nf3 h6 7. Bh4 Ne4 8. Bxe7
Qxe7 9. Qc2 Nxc3 10. Qxc3 a6 11. Rc1 c6 12. Bd3 Nd7 13. O-O Re8 14. b4 e5 15.
dxe5 Nxe5 16. Nxe5 Qxe5 17. cxd5 Qxd5 18. Rfd1 Qg5 19. Rc2 Bg4 20. Be2 Rad8 21.
Qe1 Bf5 22. Rcd2 Be4 23. Bf1 Rxd2 24. Rxd2 Bd5 25. a3 Re6 26. g3 f5 27. Qd1 Qe7
28. Bg2 Bxg2 29. Kxg2 Qf7 30. h4 Re7 31. Qc2 Kh7 32. Rd4 Qe6 33. Qd3 Rf7 34. Rf4
Qg6 35. Rd4 Qe6 36. h5 Qf6 37. f4 Qe6 38. Kf3 Kg8 39. Rd6 Qe7 40. Qd4 Kh7 41.
Qe5 Qf8 42. Re6 Rd7 43. g4 Rd5 44. Qb2 fxg4+ 45. Kg3 Rxh5 46. Qc2+ Rf5 47. Kxg4
h5+ 48. Kh4 g6 49. Qe4 Qg7 50. Re7 Rf7 51. Re5 Qf6+ 52. Kg3 Rg7 53. Rxh5+ Kg8
54. Qe8+ Qf8 55. Rh8+ 1-0

[Event "Druzynowe Mistrzostwa Polski - II liga"]
[Site "Sypniewo k. Jastrowia"]
[Date "1899-12-30"]
[Round "2.70"]
[White "Jedynak, January"]
[Black "Flis, Pawel"]
[Result "0-1"]
[WhiteTitle "I+"]
[BlackTitle "k+"]
[WhiteElo "1877"]
[BlackElo "1840"]

1. b3 e5 2. Bb2 d6 3. e4 Nf6 4. Nc3 Nc6 5. Nf3 Be7 6. d4 Bg4 7. d5 Nd4 8. Be2 Nxe2
9. Qxe2 O-O 10. h3 Bd7 11. g4 c6 12. O-O-O cxd5 13. Nxd5 Nxd5 14. Rxd5 Be6 15.
Rdd1 Qa5 16. Kb1 b5 17. Ne1 Rfc8 18. Ng2 Rc6 19. Ne3 Rac8 20. Qd2 Qc7 21. Nd5
Bxd5 22. Qxd5 Rxc2 23. Rc1 Bg5 24. Rxc2 Qxc2+ 25. Ka1 h6 26. Qb7 Qc6 27. Qxc6
Rxc6 28. Rd1 Kf8 29. Rd5 a6 30. Ba3 Be7 31. Bb4 Ke8 32. Kb2 Kd7 33. Bc3 Ke6 34.
f4 exf4 35. Bxg7 Bg5 36. Rf5 Rc5 37. h4 Bxh4 38. Bxh6 Rxf5 39. exf5+ Ke5 40. Kc2
Ke4 41. Kd2 d5 42. Ke2 d4 43. a4 Be7 44. Bg7 d3+ 45. Kd1 f3 46. Ke1 Bh4+ 0-1

[Event "Druzynowe Mistrzostwa Polski - II liga"]
[Site "Sypniewo k. Jastrowia"]
[Date "1899-12-30"]
[Round "2.71"]
[White "Szmacinski, Slawomir"]
[Black "Podgorski, Maciej"]
[Result "0-1"]
[WhiteTitle "I"]
[BlackTitle "I++"]
[WhiteElo "1857"]
[BlackElo "1980"]

1. d4 Nf6 2. c4 c5 3. d5 b5 4. cxb5 e6 5. Nc3 exd5 6. e3 Bb7 7. Nf3 g6 8. Be2 Bg7
9. O-O O-O 10. Qc2 d6 11. Rd1 Nbd7 12. b3 Ne5 13. Bb2 Qe7 14. a4 Neg4 15. Bf1
Bh6 16. Re1 Ne4 17. Nd1 f5 18. h3 Ne5 19. Nxe5 dxe5 20. a5 a6 21. Rc1 axb5 22.
f3 Nd6 23. Qxc5 Rxa5 24. Nc3 d4 25. exd4 Bxc1 26. Bxc1 e4 27. Qb4 Qd8 28. Nxb5
Nxb5 29. Bxb5 exf3 30. Bc4+ Bd5 31. Re5 Bxc4 32. Qxc4+ Kg7 33. Rxa5 Qxa5 34. Bf4
Qe1+ 35. Kh2 Qe2 36. Be5+ Kh6 37. Qc1+ Kh5 38. Qg1 Rc8 39. Kh1 Qxg2+ 40. Qxg2
fxg2+ 41. Kxg2 Rc2+ 42. Kg1 Rb2 43. d5 Rxb3 44. d6 Rxh3 45. Bf6 Rd3 46. Be7 Kg4
47. Kf2 f4 48. Ke2 Rd5 49. Kf1 0-1

[Event "Druzynowe Mistrzostwa Polski - II liga"]
[Site "Sypniewo k. Jastrowia"]
[Date "1899-12-30"]
[Round "2.72"]
[White "Rudnik, Anna"]
[Black "Szmacinska, Grazyna"]
[Result "0-1"]
[WhiteTitle "I++"]
[BlackTitle "WIM"]
[WhiteElo "1869"]
[BlackElo "2056"]

1. e4 Nc6 2. Nf3 d6 3. d4 Nf6 4. Bd3 e5 5. c3 Be7 6. h3 O-O 7. O-O exd4 8. cxd4
Nb4 9. Nc3 Nxd3 10. Qxd3 c6 11. Ne2 d5 12. e5 Ne4 13. Ng3 Nxg3 14. fxg3 b6 15.
Rd1 Be6 16. Be3 Qd7 17. Rac1 Rac8 18. g4 c5 19. Bg5 c4 20. Qd2 b5 21. Bxe7 Qxe7
22. Rf1 b4 23. Nh2 a5 24. Rf3 Rc6 25. Nf1 Rfc8 26. Ng3 g6 27. Qh6 Qf8 28. Qg5
Qg7 29. Ne2 R6c7 30. Rf6 Rc6 31. Rf3 Rf8 32. Rcf1 Ra6 33. Qe7 Raa8 34. Nf4 Rfe8
35. Qd6 Qf8 36. Nxd5 Qxd6 37. Nf6+ Kh8 38. exd6 Red8 39. d5 Bd7 40. Nxd7 Rxd7
41. Rxf7 Rxd6 42. Rc7 Rxd5 43. Rff7 Rd2 44. Rxh7+ Kg8 45. Rhg7+ Kh8 46. Rxg6 Re8
47. Ra6 Rxb2 48. Rxa5 c3 49. Kh2 Kg8 50. h4 Rf2 51. Kg3 Ree2 52. Ra8+ Rf8 53.
Rxf8+ Kxf8 54. Rc4 c2 55. Kf3 Rd2 56. Rc7 Rd3+ 57. Ke2 Rc3 0-1

[Event "Druzynowe Mistrzostwa Polski - II liga"]
[Site "Sypniewo k. Jastrowia"]
[Date "1899-12-30"]
[Round "2.73"]
[White "Borgula, Rafal"]
[Black "Gierulski, Kamil"]
[Result "1/2-1/2"]
[WhiteTitle "FM"]
[BlackTitle "k++"]
[WhiteElo "2223"]
[BlackElo "2270"]

1. d4 Nf6 2. c4 e6 3. Nc3 Bb4 4. e3 O-O 5. Ne2 c6 6. a3 Ba5 7. Ng3 d5 8. Bd3 Nbd7
9. cxd5 exd5 10. O-O Re8 11. Re1 Nf8 12. h3 Ng6 13. b4 Bc7 14. Nf1 Ne4 15. Nxe4
dxe4 16. Bc4 Nh4 17. Ng3 Qf6 18. Ra2 Re7 19. Rf1 Bd7 20. Rd2 Rf8 21. Qh5 Nf5 22.
Nxf5 Bxf5 23. f4 Be6 24. Bxe6 Qxe6 25. d5 cxd5 26. Qxd5 Bb6 27. Re1 Qxd5 28. Rxd5
1/2-1/2

[Event "Druzynowe Mistrzostwa Polski - II liga"]
[Site "Sypniewo k. Jastrowia"]
[Date "1899-12-30"]
[Round "2.74"]
[White "Miasik, Adrian"]
[Black "Paprocki, Jaroslaw"]
[Result "1/2-1/2"]
[WhiteTitle "I++"]
[BlackTitle "k++"]
[WhiteElo "1948"]
[BlackElo "2186"]

1. d4 c5 2. d5 Nf6 3. c4 e6 4. Nc3 exd5 5. cxd5 d6 6. e4 g6 7. f4 Bg7 8. Bb5+ Nfd7
9. Be2 Na6 10. Nf3 O-O 11. O-O Nc7 12. Bd2 Rb8 13. a4 Nf6 14. Be1 Ng4 15. Qd2
f5 16. e5 dxe5 17. Bg3 e4 18. Ne5 Nf6 19. Rfd1 Bd7 20. Bc4 Kh8 21. Bf2 b6 22.
Nb5 Nxb5 23. axb5 Rb7 24. d6 Qe8 25. Bd5 Nxd5 26. Qxd5 Qc8 27. Bh4 Be6 28. Qc6
Bd7 29. Qd5 Be6 30. Qc6 Bd7 1/2-1/2

[Event "Druzynowe Mistrzostwa Polski - II liga"]
[Site "Sypniewo k. Jastrowia"]
[Date "1899-12-30"]
[Round "2.75"]
[White "Zebracki, Tomasz"]
[Black "Babiarz, Arkadiusz"]
[Result "1-0"]
[WhiteTitle "k+"]
[BlackTitle "I++"]
[WhiteElo "2223"]
[BlackElo "2000"]

1. d4 d5 2. Bf4 c5 3. Nc3 Nf6 4. e3 a6 5. Nf3 Nc6 6. Be2 Bf5 7. Ne5 e6 8. g4 Bg6
9. h4 cxd4 10. exd4 Qb6 11. Nxc6 bxc6 12. h5 Be4 13. f3 Qxb2 14. Na4 Bb4+ 15.
Kf2 Qa3 16. c3 Bxc3 17. Nxc3 Qxc3 18. Rc1 Qa3 19. g5 Ng4+ 20. Kg3 Ne3 21. Qd2
Nc4 22. Rc3 Nxd2 23. Rxa3 Nb1 24. Re3 Bc2 25. Rc1 Ba4 26. Rxb1 Bb5 27. a4 Bxa4
28. Ra3 Bb5 29. Bxb5 cxb5 30. Rxb5 O-O 31. Rba5 f6 32. Rxa6 Rxa6 33. Rxa6 fxg5
34. Bxg5 Rf5 35. Kg4 Kf7 36. Ra7+ Kf8 37. h6 gxh6 38. Bxh6+ Kg8 39. Rg7+ Kh8 40.
Re7 1-0